|
|
|
|
| LEADER |
00000nab#a22000007a#4500 |
| 001 |
arbauad004998 |
| 003 |
AR-BaUAD |
| 005 |
20250711110657.0 |
| 008 |
940728|||||||||###||||||b###|0###a|spa|| |
| 040 |
|
|
|a AR-BaUAD
|c AR-BaUAD
|b spa
|
| 100 |
|
|
|a Tanaka, Ikko
|
| 245 |
|
|
|a Eight graphic designers from Hong Kong Exhibition /
|c Ikko Tanaka;
|
| 300 |
0 |
|
|b fot.
|
| 653 |
|
|
|a DISEÑO GRAFICO
|
| 653 |
|
|
|a HONG KONG
|
| 653 |
|
|
|a EXPOSICIONES
|
| 653 |
|
|
|a ARTISTAS
|
| 653 |
|
|
|a ARTE
|
| 653 |
|
|
|a PINTURAS
|
| 653 |
|
|
|a CHAN, ALAN
|
| 653 |
|
|
|a TAI KEUNG, KAN
|
| 653 |
|
|
|a KU, JENNINGS
|
| 653 |
|
|
|a AU, JOHN
|
| 653 |
|
|
|a LI, TOMMY
|
| 653 |
|
|
|a LAU, FREEMAN
|
| 653 |
|
|
|a STEINER, HENRY
|
| 653 |
|
|
|a TANG CHIU YING, LILIAN
|
| 773 |
0 |
|
|t IDEA
|g no. 242 [ene. 1994], p. 52-57
|
| 942 |
|
|
|c ARTI
|
| 952 |
|
|
|0 0
|1 0
|4 0
|7 0
|9 49918
|a AR-BAuAD
|b AR-BAuAD
|d 2025-07-11
|l 0
|p AAQA004998
|r 2025-07-11 11:06:57
|w 2025-07-11
|y ARTI
|
| 990 |
|
|
|a DG199
|b TD
|
| 998 |
|
|
|a AAQ
|b BIBUN76
|
| 999 |
|
|
|c 29591
|d 29591
|